000 00680nam a2200193 i 4500
001 36872
003 ES-MaACL
005 20230906155447.0
007 t|
008 030219s1973 sp ||||1| spa d
100 1 _aBouyer, Louis (
_d1913-2004)
_931095
245 1 3 _aLa Iglesia de Dios
_b: cuerpo de Cristo y templo del Espíritu Santo /
_cLouis Bouyer ; traducción, revisión de notas, índices por Javier de Abarzuza.
260 _aMadrid :
_bStudium,
_c[1973]
300 _a722 p. ;
_c22 cm.
650 4 _aIglesia-
_xHistoria de las doctrinas.
_9141543
700 0 _aJavier de Abárzuza,
_d1903-1980
_917972
852 _aES-MaACL
_jC-54853
_bR.87620
999 _c36872
_d36872